Lubrication

Uloženo v:
Podrobná bibliografie
Médium: Kniha
Jazyk:English
Vydáno: New York : Texas Co. 1969
Tagy: Přidat tag
Žádné tagy, Buďte první, kdo vytvoří štítek k tomuto záznamu!

MARC

LEADER 00000nam a2200000Ia 4500
005 20221231143938.0
008 140114s1969 txua 000 ||eng d
050 |a 621.89 L 
245 |a Lubrication 
260 |a New York : Texas Co.  |c 1969 
300 |a  volumenes : ilustraciones  
500 |a Vols. 55(1969), v. 58 (1972) v.60- Jul. Sep. (1974) v. 60-Oct. Dic. (1974). v.61 Ene. Mar. (1975) v. 61 Abril-Jun.(1975). v.61 Jul-Sep(1975). 
942 |2 ddc  |c REV 
999 |c 14608  |d 14608